Quo vadis trh s kanceláriami v Bratislave
Vymedzenie realitného trhu. Segmentácia realitného trhu. Vývoj trhu s kancelárskymi priestormi. Základné štatistiky o vývoji na trhu s kanceláriami v hlavnom meste Bratislava. Prognóza do budúcnosti na trhu s kanceláriami v Bratislave.
Saved in:
| Main Author: | |
|---|---|
| Format: | Book Chapter |
| Language: | Slovak |
| Subjects: | |
| Tags: |
No Tags, Be the first to tag this record!
|
MARC
| LEADER | 00000nla a2200000 4500 | ||
|---|---|---|---|
| 001 | 0186549 | ||
| 005 | 20240522121027.5 | ||
| 041 | 0 | |a slo | |
| 044 | |a SK | ||
| 245 | 1 | 0 | |a Quo vadis trh s kanceláriami v Bratislave |c Peter Kardoš |
| 520 | |a Vymedzenie realitného trhu. Segmentácia realitného trhu. Vývoj trhu s kancelárskymi priestormi. Základné štatistiky o vývoji na trhu s kanceláriami v hlavnom meste Bratislava. Prognóza do budúcnosti na trhu s kanceláriami v Bratislave. | ||
| 610 | 2 | 0 | |a nehnuteľnosti |
| 610 | 2 | 0 | |a trh realitný |
| 610 | 2 | 0 | |a kancelárie |
| 610 | 2 | 0 | |a byty |
| 610 | 2 | 0 | |a pozemky |
| 100 | 1 | |a Kardoš, Peter | |